| 000 | 00426 a2200133 4500 | ||
|---|---|---|---|
| 001 | ART_56676 | ||
| 005 | 20260410161610.0 | ||
| 008 | 260409a | ||
| 245 | 1 | 0 | _aCostos de formación de jugadores en los clubes profesionales: |
| 100 | 1 | _aMastropierro, Mariano | |
| 700 | 1 | _aSimaro, Gustavo | |
| 700 | 1 | _aTorchelli, Valeria | |
| 773 | 0 |
_tProfesional & Empresaria _g- Año XXIII, Nº 275 (ago. 2022) _wREV70 |
|
| 999 |
_c10510 _d10510 |
||